|
|
|
|
| LEADER |
00000nab a2200000ua 4500 |
| 001 |
vtls010786256 |
| 003 |
SK-MaSNL |
| 005 |
20260303135225.0 |
| 008 |
230218s2003 xo |||||||||||||||||eng| |
| 035 |
|
|
|a (urnnbn)urn:nbn:sk:snk:ar-a04ijb
|
| 035 |
|
|
|a (uuid)8b6c777f-8942-4506-9f54-941eb09d6633
|
| 035 |
|
|
|a urn:nbn:sk:snk-ab4t2e
|
| 040 |
|
|
|a SNKBUCL
|b slo
|c SNKBUCL
|e AACR2
|
| 041 |
0 |
|
|a eng
|
| 044 |
|
|
|a xo
|c SK
|
| 100 |
1 |
|
|a Chrostowski, Henryk
|4 aut
|9 777073
|
| 245 |
1 |
0 |
|a Evaluation of possibilities energetic and ecological characteristics system of IC engine and hydrostatics transmission for spectrum form of load
|c Henryk Chrostowski, Waldemar Sradomski
|
| 700 |
1 |
|
|a Sradomski, Waldemar
|4 aut
|9 810820
|
| 773 |
0 |
|
|t Hydraulika a pneumatika : časopis pre hydrauliku, pneumatiku a automatizačnú techniku
|g Roč. 5, č. 2 (2003), s. 10-13
|
| 958 |
|
|
|a OND
|
| 958 |
|
|
|a EUIPO
|
| 958 |
|
|
|a article3
|
| 999 |
|
|
|c 1964172
|d 1966102
|